Statistics for World Countries with Seven Borders (with a map)

Click here to take the quiz!

General Stats

  • This quiz has been taken 139 times
  • The average score is 7 of 9

Answer Stats

Country % Correct
India
82%
Niger
81%
Iran
78%
Mali
76%
Saudi Arabia
73%
Ukraine
72%
Hungary
67%
Sudan
65%
Poland
64%

Score Distribution

Percentile by Number Answered

Percent of People with Each Score

Your Score History

You have not taken this quiz